000
00293nam a22001337a 4500
008
170306b xxu||||| |||| 00| 0 eng d
020
_a
9781437718744
041
_a
eng
080
_a
61
100
_a
4
101
_a
SHM
245
_a
CLINICS IN SPORTS MEDICINE
_c
MILLER, M.D
942
_2
udc
_c
BK
999
_c
6891
_d
6891